000 00264nam a22000977a 4500
008 170124b xxu||||| |||| 00| 0 eng d
041 _aeng
080 _a618.2
245 _aCARE OF ALZHEIMER'S PATIENTS: A MANUAL FOR NURSING HOME STAFF
_cGWYTHER, L.P
942 _2udc
_cBK
999 _c3432
_d3432